Southville International School and Colleges
Your cart is empty.
  • Cart
  • Lists
    Public lists Eva Luna New books Lux_list list_1
    Your lists Log in to create your own lists
  • Log in to your account
  • Your cookies
  • Search history
Southville International School and Colleges
  • Advanced search
  • Recent comments
  • Most popular
  • Libraries

Log in to your account

Log in with GOOGLE


If you do not have an external account, but do have a local account, you can still log in:

  1. Home
  2. MARC view: The Great book of sports
Normal view MARC view ISBD view

The Great book of sports (Record no. 368702)

[ view plain ]
MARC details
000 -LEADER
fixed length control field 00634nam a22002057a 4500
003 - CONTROL NUMBER IDENTIFIER
control field 0
005 - DATE AND TIME OF LATEST TRANSACTION
control field 20260116093103.0
008 - FIXED-LENGTH DATA ELEMENTS--GENERAL INFORMATION
fixed length control field 260116b xxu||||| |||| 00| 0 eng d
020 ## - INTERNATIONAL STANDARD BOOK NUMBER
International Standard Book Number 978-88-544-1383-2
082 ## - DEWEY DECIMAL CLASSIFICATION NUMBER
Classification number REF 796
Item number Ca379 2019
100 ## - MAIN ENTRY--PERSONAL NAME
Personal name Cavenaghi, S.
245 ## - TITLE STATEMENT
Title The Great book of sports
Statement of responsibility, etc S. Cavenaghi, M. Invernizzi and C. Pelizzoli
260 ## - PUBLICATION, DISTRIBUTION, ETC. (IMPRINT)
Place of publication, distribution, etc Milan, Italy :
Name of publisher, distributor, etc White Star Kids,
Date of publication, distribution, etc 2019.
300 ## - PHYSICAL DESCRIPTION
Extent 80 pages :
Other physical details colored illustrations ;
Dimensions 31 cm.
650 ## - SUBJECT ADDED ENTRY--TOPICAL TERM
Topical term or geographic name as entry element Sports
General subdivision Juvenile literature.
650 ## - SUBJECT ADDED ENTRY--TOPICAL TERM
Topical term or geographic name as entry element Athletics
General subdivision Juvenile literature.
700 ## - ADDED ENTRY--PERSONAL NAME
Personal name Invernizzi, M.
700 ## - ADDED ENTRY--PERSONAL NAME
Personal name Pelizzoli, C.
942 ## - ADDED ENTRY ELEMENTS (KOHA)
Source of classification or shelving scheme Dewey Decimal Classification
Koha item type Books
Holdings
Withdrawn status Lost status Source of classification or shelving scheme Damaged status Home library Current library Shelving location Date acquired Source of acquisition Sub Shelving location Total Checkouts Full call number Barcode Date last seen Price effective from Koha item type
    Dewey Decimal Classification   Munich Library Munich Library Reference Section 01/16/2026 Library Fund     REF 796 Ca379 2019 M9215 01/16/2026 01/16/2026 Books

The Great book of sports

APA

Cavenaghi S., Invernizzi M. & Pelizzoli C. (2019). The Great book of sports. Milan, Italy: White Star Kids.

Chicago

Cavenaghi S, Invernizzi M and Pelizzoli C. 2019. The Great book of sports. Milan, Italy: White Star Kids.

Harvard

Cavenaghi S., Invernizzi M. and Pelizzoli C. (2019). The Great book of sports. Milan, Italy: White Star Kids.

MLA

Cavenaghi S, Invernizzi M and Pelizzoli C. The Great book of sports. Milan, Italy: White Star Kids. 2019.

  • Place hold
  • Print
  • Cite
  • Add to your cart (remove)
  • Save record
    BIBTEX Dublin Core MARCXML MARC (non-Unicode/MARC-8) MARC (Unicode/UTF-8) MARC (Unicode/UTF-8, Standard) MODS (XML) RIS
  • More searches
    Search for this title in:
    Other Libraries (WorldCat) Other Databases (Google Scholar) Online Stores (Bookfinder.com) Open Library (openlibrary.org)

Exporting to Dublin Core...

SOUTHVILLE LIBRARY

Southville International School and Colleges Library

1281 Tropical Ave. Cor. Luxembourg St., BF Homes International, Las Pinas City

Tel. No. 8256374 / 252358 Loc. 117/146

Powered by Koha